000 03727nam a22005895i 4500
001 978-3-319-50207-6
003 DE-He213
005 20210118125622.0
007 cr nn 008mamaa
008 170124s2017 gw | s |||| 0|eng d
020 _a9783319502076
_9978-3-319-50207-6
024 7 _a10.1007/978-3-319-50207-6
_2doi
050 4 _aQD505
072 7 _aPNRD
_2bicssc
072 7 _aSCI013060
_2bisacsh
072 7 _aPNRD
_2thema
082 0 4 _a541.395
_223
245 1 0 _aEffects of Nanoconfinement on Catalysis
_h[electronic resource] /
_cedited by Rinaldo Poli.
250 _a1st ed. 2017.
264 1 _aCham :
_bSpringer International Publishing :
_bImprint: Springer,
_c2017.
300 _aVIII, 266 p. 166 illus.
_bonline resource.
336 _atext
_btxt
_2rdacontent
337 _acomputer
_bc
_2rdamedia
338 _aonline resource
_bcr
_2rdacarrier
347 _atext file
_bPDF
_2rda
490 1 _aFundamental and Applied Catalysis,
_x1574-0447
505 0 _aSupramolecular catalysts -- Applications of self-assembled (supramolecular) capsules in homogeneous catalysis -- Catalysis inside folded single macromolecules -- Micellar organocatalysis -- Dendrimers for catalysis -- Microgel-Core Star Polymer Catalysts -- Core-cross-linked micelles as a new strategy for catalyst recycling in aqueous biphasic catalysis -- Metal nanoparticle catalysis in confined environments.
520 _aThis book highlights the recent advances and state of the art in the use of functionalized nanostructured environments on catalysis. Nanoconfinements considered include well-defined molecular cages, imprinted self-assembled supramolecules, polymers made by living or controlled polymerization, metallorganic frameworks, carbon nanotubes, mesoporous inorganic solids, and hybrids thereof. Advantages of nanoconfinement of catalysts discussed include higher activities, improved selectivities, catalyst stabilization, cooperativity effects, simplified protocols for cascade syntheses, better catalyst recovery, and recyclability. The multiple applications that these materials offer are revolutionizing industrial sectors such as energy, electronics, sensors, biomedicine, and separation technology.
650 0 _aCatalysis.
650 0 _aNanochemistry.
650 0 _aNanotechnology.
650 1 4 _aCatalysis.
_0http://scigraph.springernature.com/things/product-market-codes/C29000
650 2 4 _aNanochemistry.
_0http://scigraph.springernature.com/things/product-market-codes/C33000
650 2 4 _aNanotechnology.
_0http://scigraph.springernature.com/things/product-market-codes/Z14000
700 1 _aPoli, Rinaldo.
_eeditor.
_4edt
_4http://id.loc.gov/vocabulary/relators/edt
710 2 _aSpringerLink (Online service)
773 0 _tSpringer eBooks
776 0 8 _iPrinted edition:
_z9783319502052
776 0 8 _iPrinted edition:
_z9783319502069
776 0 8 _iPrinted edition:
_z9783319843452
830 0 _aFundamental and Applied Catalysis,
_x1574-0447
856 4 0 _uhttps://doi.org/10.1007/978-3-319-50207-6
912 _aZDB-2-CMS
999 _c447050
_d447050
942 _cEB
506 _aAvailable to subscribing member institutions only. Доступно лише організаціям членам підписки.
506 _fOnline access from local network of NaUOA.
506 _fOnline access with authorization at https://link.springer.com/
506 _fОнлайн-доступ з локальної мережі НаУОА.
506 _fОнлайн доступ з авторизацією на https://link.springer.com/